| 000 | 00721nam a2200229Ii 4500 | ||
|---|---|---|---|
| 003 | JO-AjNU | ||
| 008 | 230605s9999||||xx |||||||||||||| ||und|| | ||
| 017 | _a1982/88/2759 | ||
| 040 |
_aJO-AjNU _bara _erda _cJO-AjNU |
||
| 041 | _aara | ||
| 050 | 1 | 4 | _aPJ7858.Z34 2008 |
| 100 | 3 |
_aزلط، احمد, _eauthor _957529 |
|
| 245 | 0 | 0 | _aوجوه واحلام |
| 250 | _aط2 | ||
| 264 | 3 | 1 | _aالقاهره: هبة النيل العربيه للنشر والتوزيع،2008 |
| 300 | _a163ص | ||
| 336 |
_atext _btxt _2rdacontent |
||
| 337 |
_aunmediated _bn _2rdamedia |
||
| 338 |
_avolume _bnc _2rdacarrier |
||
| 490 | 0 | _aسلسلة اصوات | |
| 650 | 4 |
_aالروايه العربيه-العصر الحديث _957530 |
|
| 999 |
_aA25787 _c29355 _d29355 |
||